|
|
|
|
| LEADER |
00000nam a2200000 a 4500 |
| 003 |
Ucuenca |
| 005 |
20230308230534.0 |
| 008 |
000000|1958 ec |||||r|||||||||||spa|| |
| 040 |
|
|
|b spa
|
| 041 |
0 |
|
|a es
|
| 082 |
0 |
|
|a 330.15
|
| 100 |
1 |
|
|a Aguirre, Manuel Agustín.
|d 1903-1992
|9 221225
|
| 245 |
|
|
|a Apuntes para el estudio de la historia del pensamiento económico
|c Manuel Agustín Aguirre
|h imp
|n tomo 1
|
| 264 |
|
|
|a Quito
|b Universidad Central del Ecuador
|c 1958
|
| 300 |
|
|
|a 289 páginas:
|c 22 cm
|
| 504 |
|
|
|a incl. ref.
|
| 650 |
|
0 |
|a Pensamiento economico
|9 11973
|
| 650 |
|
0 |
|a Mercantilismo
|9 30433
|
| 650 |
|
0 |
|a Desarrollo del capitalismo
|9 40685
|
| 852 |
|
|
|a UC-CDJBV
|
| 942 |
|
|
|c BK
|2 ddc
|z bladimir.cabrerar@ucuenca.edu.ec
|
| 999 |
|
|
|c 157005
|d 157005
|